| 000 | 00437nam a2200157Ia 4500 | ||
|---|---|---|---|
| 008 | 220216s9999 xx 000 0 und d | ||
| 100 | _aMuthu Ayyappan T | ||
| 245 | 0 | _aTwin shell cup (TS Cup) technology: For high-quality NR planting material | |
| 260 |
_bRubber Asia _c2016 |
||
| 300 | _a64,66,68,70 | ||
| 500 | _aSource Year: 2016 | ||
| 650 | _aNR planting material | ||
| 650 | _aTS cup | ||
| 650 | _aTwin shell cup | ||
| 942 | _cJS | ||
| 999 |
_c71613 _d71613 |
||